India. Cotton textiles export promotion council reports (Record no. 22789)
[ view plain ]
| 000 -LEADER | |
|---|---|
| fixed length control field | 00345nam a2200109Ia 4500 |
| 082 ## - DEWEY DECIMAL CLASSIFICATION NUMBER | |
| Classification number | 677.21:382.6(047) |
| Item number | IND |
| 245 #0 - TITLE STATEMENT | |
| Title | India. Cotton textiles export promotion council reports |
| 260 ## - PUBLICATION, DISTRIBUTION, ETC. (IMPRINT) | |
| Place of publication | Bombay |
| Name of publisher | Cotton Textiles EPC |
| 505 ## - FORMATTED CONTENTS NOTE | |
| Formatted contents note | Reports on Belgium,Burma,Tunisia, Nigeria etc. |
| 942 ## - ADDED ENTRY ELEMENTS (KOHA) | |
| Koha item type | Books |
| Withdrawn status | Lost status | Damaged status | Not for loan | Home library | Current library | Date acquired | Source of acquisition | Full call number | Accession Number | Koha item type |
|---|---|---|---|---|---|---|---|---|---|---|
| RRII Library | RRII Library | 16/12/2021 | Auction | 677.21:382.6(047) IND | 03500 | Books |